Normal view
MARC view
Entry Personal Name
001 - CONTROL NUMBER
- control field: 83315
003 - CONTROL NUMBER IDENTIFIER
- control field: dpl
005 - DATE AND TIME OF LATEST TRANSACTION
- control field: 20250724152521.0
008 - FIXED-LENGTH DATA ELEMENTS
- fixed length control field: 250724|| aca||aabn | a|a d
040 ## - CATALOGING SOURCE
- Original cataloging agency: dpl
- Transcribing agency: dpl
100 ## - HEADING--PERSONAL NAME
- Personal name: Gaur, K D
670 ## - SOURCE DATA FOUND
- Source citation: Work cat.: (dpl)212592: Gaur, K D, Textbook on The Bharatiya Nagarik Suraksha Sanhita,2023/, 2025
